| 000 | 00411nam a2200169Ia 4500 | ||
|---|---|---|---|
| 008 | 221030s9999 xx 000 0 und d | ||
| 020 | _a0071233008 | ||
| 041 | _aEnglish | ||
| 082 |
_a105.23 _bSen |
||
| 100 | _aJ. A. Senn | ||
| 245 | 0 |
_aAnalysis & Design of Information Systems _cby J. A. Senn |
|
| 250 | _a2nd | ||
| 260 |
_bMcGraw Hill Pub. _aNew Delhi _c2003 |
||
| 300 | _a853 | ||
| 650 | _aIT | ||
| 942 | _cBK | ||
| 999 |
_c322 _d322 |
||